Mosby's dental drug reference / (Record no. 121748)

MARC details
000 -LEADER
fixed length control field 01788cam a2200337Ii 4500
008 - FIXED-LENGTH DATA ELEMENTS--GENERAL INFORMATION
fixed length control field
020 ## - INTERNATIONAL STANDARD BOOK NUMBER
International Standard Book Number 9780323481113 (paperback)
040 ## - CATALOGING SOURCE
Original cataloging agency NUST
Transcribing agency NUST
049 ## - LOCAL HOLDINGS (OCLC)
Holding library MAIN
090 ## - LOCALLY ASSIGNED LC-TYPE CALL NUMBER (OCLC); LOCAL CALL NUMBER (RLIN)
Classification number (OCLC) (R) ; Classification number, CALL (RLIN) (NR) REF RK51.5
Local cutter number (OCLC) ; Book number/undivided call number, CALL (RLIN) MOS
003 - CONTROL NUMBER IDENTIFIER
control field
005 - DATE AND TIME OF LATEST TRANSACTION
control field 20230120204343.0
245 00 - TITLE STATEMENT
Title Mosby's dental drug reference /
Statement of responsibility, etc. editor-in-chief, Arthur H. Jeske.
250 ## - EDITION STATEMENT
Edition statement Twelth Edition.
264 #1 - PRODUCTION, PUBLICATION, DISTRIBUTION, MANUFACTURE, AND COPYRIGHT NOTICE
Place of production, publication, distribution, manufacture St. Louis, Missouri :
Name of producer, publisher, distributor, manufacturer Elsevier Mosby,
Date of production, publication, distribution, manufacture, or copyright notice 2018.
300 ## - PHYSICAL DESCRIPTION
Extent xvi, 1494 pages ;
Dimensions 20 cm.
336 ## - CONTENT TYPE
Content type term text
Content type code txt
Source rdacontent
337 ## - MEDIA TYPE
Media type term unmediated
Media type code n
Source rdamedia
338 ## - CARRIER TYPE
Carrier type term volume
Carrier type code nc
Source rdacarrier
500 ## - GENERAL NOTE
General note Includes index
505 0# - FORMATTED CONTENTS NOTE
Formatted contents note Individual Drug Monographs: -- Abacavir-Aztreonam -- Bacitracin-Butorphanol tartrate -- Cabergoline-Cytarabine -- Dabigatran-Dyphylline -- Echothiophate iodide-Ezogabine -- Famciclovir-Furosemide -- Gabapentin-Guanfacine -- Halcinonide-Hyoscyamine -- Ibandronate sodium-lxabepilone -- Kanamycin sulfate-Ketotifen fumarate -- Labetalol hydrochloride-Lurasidone -- Mafenide-Mycophenolate mofetil -- Nabumetone-Nystatin -- Octreotide acetate-Oxymetholone -- Pacilitaxel-Pyrimethamine -- Quazepam-Quinine -- Rabeprazole sodium-Rotigotine -- Sacubitril+Valsartan-Suvorexant -- Tacrine hydrochloride-Trovafloxacin mesylate/alatrofloxacin mesylate -- Ulipristal-Ursodiol -- Valacyclovir-Vortioxetine -- Warfarin sodium -- Zafirlukast-Zonisamide -- Generic and trade name index
650 #0 - SUBJECT ADDED ENTRY--TOPICAL TERM
Topical term or geographic name entry element Dental pharmacology
Form subdivision Handbooks, manuals, etc
650 12 - SUBJECT ADDED ENTRY--TOPICAL TERM
Topical term or geographic name entry element Pharmaceutical Preparations.
650 12 - SUBJECT ADDED ENTRY--TOPICAL TERM
Topical term or geographic name entry element Dentistry.
655 #7 - INDEX TERM--GENRE/FORM
Genre/form data or focus term Dictionaries.
655 #7 - INDEX TERM--GENRE/FORM
Genre/form data or focus term Handbooks and manuals.
655 #2 - INDEX TERM--GENRE/FORM
Genre/form data or focus term Handbooks.
700 1# - ADDED ENTRY--PERSONAL NAME
Personal name Jeske, Arthur H.,
Relator term editor.
907 ## - LOCAL DATA ELEMENT G, LDG (RLIN)
a .b1039882x
b 01-03-22
c 22-01-20
942 ## - ADDED ENTRY ELEMENTS (KOHA)
Koha item type Ordinary Loan Books
Call number prefix REF RK51.5
Call number suffix MOS
Holdings
Date last seen Total Checkouts Full call number Barcode Cost, replacement price Price effective from Koha item type Lost status Source of classification or shelving scheme Damaged status Not for loan Collection Withdrawn status Home library Current library Shelving location Date acquired Cost, normal purchase price
01/20/2023   REF RK51.5 MOS 92004050888 80.00 01/20/2023 BOOKS   LCC     NFIC   MEDICAL MEDICAL GEN 01/20/2023 80.00